000 00440nam a22001697a 4500
005 20251108165914.0
008 250721s9999 xx 000 0 ara d
082 1 4 _aط/599.74428/مار
100 1 _aروبن، ماري
245 1 0 _aالنمر /
264 _bميدليفانت،
_c[19-].
300 _a26ص : مص
490 0 _aزدني علما
650 1 7 _aالببريات ( فصيله )
942 _2ddc
_cBK
999 _c34427
_d34427